| 000 | 01133cam a2200325 i 4500 | ||
|---|---|---|---|
| 999 |
_c779 _d779 |
||
| 001 | 19965367 | ||
| 003 | GZU | ||
| 005 | 20200914104616.0 | ||
| 008 | 170826s2017 rh a b 001 0aeng | ||
| 010 | _a 2016341220 | ||
| 020 | _a9781779223180 | ||
| 040 |
_aDLC _beng _erda _cDLC |
||
| 042 |
_alcode _apcc |
||
| 043 | _af-rh--- | ||
| 050 | 0 | 0 |
_aHQ1240.5.Z55 _bCHE 2017 |
| 100 | 1 |
_aChenaux-Repond, Maia. _eauthor |
|
| 245 | 1 | 0 |
_aLeading from behind : _bwomen in community development in Rhodisia, 1973-1979 / _cMaia Chenaux-Repond. |
| 264 | 1 |
_aHarare : _bWeaver Press, _c[2017] |
|
| 300 |
_axviii, 457 pages : _billustrations ; _c24 cm |
||
| 336 |
_atext _btxt _2rdacontent |
||
| 337 |
_aunmediated _bn _2rdamedia |
||
| 338 |
_avolume _bnc _2rdacarrier |
||
| 500 | _aIncludes bibliographical references and index. | ||
| 504 | _aIncludes bibliographical references and index. | ||
| 600 | 1 | 0 | _aChenaux-Repond, Maia. |
| 650 | 0 |
_aWomen in community development _zZimbabwe _vBiography. |
|
| 906 |
_a7 _bcbc _corigode _d2 _encip _f20 _gy-gencatlg |
||
| 942 |
_2lcc _cBK _h1240.5.Z55 _iCHE _kHQ |
||